000 00972nam a2200241 i 4500
001 177862
003 ES-MaACL
005 20251220171939.0
008 110503s1958 mx |||| | spa d
080 _a007
100 1 _aFrolov, Y. P.
_9146344
245 1 0 _aExamen de la cibernética /
_cY. P. Frolov, E. Kolman.
260 _aMéxico :
_bUniversidad Nacional de México,
_c1958.
300 _ap. 85-126 ;
_c21 cm.
490 1 _aSeminario de Problemas Científicos y Filosóficos. Suplementos ;
_v2ª serie ;
_v13
505 8 _aContiene: ;
_tLa cibernética actual y el cerebro humano /
_rY. P. Frolov. --
_tQué es la cibernética /
_rE. Kolman
650 0 4 _aCibernética.
_910920
700 1 _aKolman, E.
_9146345
710 2 _aUniversidad Nacional Autónoma de México.
_97397
830 0 _aSeminario de Problemas Científicos y Filosóficos. Suplementos
_v2ª serie ;
_v13
_9190619
852 _aES-MaACL
_j2297-F-20
_xOlim P-902
999 _c177862
_d177862